00000000nam 2200000zi 4500
0019.954203
003CaOODSP
00520250818133507
006m     o  d f      
007cr mn ||||||||
008250818t20252025oncd    o    f000 0 eng d
040 |aCaOODSP|beng|erda|cCaOODSP
041 |aeng|afre
043 |an-cn---
0861 |aFs72-52/2025-PDF
24500|aMonthly and yearly mean water levels = |bMoyennes mensuelles et annuelles du niveau d'eau.
24611|aMoyennes mensuelles et annuelles du niveau d'eau
250 |a[2025 edition].
264 1|aOttawa : |bCanadian Hydrographic Service = Service hydrographique du Canada, |c[2025]
264 4|c©2025
300 |a1 online resource (1 unnumbered page) : |bgraphs
336 |atext|btxt|2rdacontent
337 |acomputer|bc|2rdamedia
338 |aonline resource|bcr|2rdacarrier
500 |aCaption title.
520 |a"Monthly means are indicated by a blue line and yearly means by a black dot"--Page [1].
546 |aText in English and in French.
650 0|aWater levels|zGreat Lakes (North America)
7102 |aCanadian Hydrographic Service, |eissuing body.
788 |tMonthly and yearly mean water levels = |efre|w(CaOODSP)9.954204
795 |tMonthly and yearly mean water levels = |b[2024 edition]|w(CaOODSP)9.937468
85640|qPDF|s291 KB|uhttps://publications.gc.ca/collections/collection_2025/mpo-dfo/Fs72-52-2025.pdf